| 000 | 00442cam a2200181ua 4500 | ||
|---|---|---|---|
| 020 | _a0 582 251664 | ||
| 041 |
_aeng _h |
||
| 082 |
_a547 _bFIN/OR |
||
| 100 | _aFinar, I L . | ||
| 245 |
_aOrganic chemistry: the fundamental principles vol-1 / _cI L Finar. _hTextual Documents |
||
| 250 |
_a6 / _b. |
||
| 260 |
_aLondon : _bLongman , _c1994. |
||
| 300 | _a965 ; . | ||
| 500 | _a*CSS | ||
| 504 | _a | ||
| 942 | _cBK | ||
| 999 |
_c7265 _d7265 |
||